[Event "Chigorin Memorial"]
[Site "St Petersburg RUS"]
[Date "2012.10.27"]
[Round "1.90"]
[White "Voronenkov, Sergey"]
[Black "Iljiushenok, Ilia"]
[Result "0-1"]
[WhiteElo "2020"]
[BlackElo "2427"]
[WhiteFideId "24129674"]
[BlackFideId "24105074"]
[EventDate "2012.10.27"]

1. e4 c5 2. Nf3 d6 3. d4 cxd4 4. Nxd4 Nf6 5. Nc3 a6 6. Be3 e5 7. Nb3 Be6 8. f3
Be7 9. Qd2 O-O 10. O-O-O a5 11. Na4 Nbd7 12. g4 Qc7 13. g5 Nh5 14. Rg1 Qc6 15.
Nc3 a4 16. Na1 Nb6 17. Nd5 Bxd5 18. exd5 Qc7 19. Qb4 Nd7 20. Rg4 g6 21. Rc4 Nc5
22. Rh4 Rfc8 23. Bh3 Re8 24. Qg4 Nf4 25. Bxf4 exf4 26. Qxf4 Bf8 27. Qc4 Bg7 28.
c3 a3 29. b4 b5 30. Qxb5 Nb3+ 31. axb3 Qxc3+ 32. Nc2 a2 0-1

[Event "Chigorin Memorial"]
[Site "St Petersburg RUS"]
[Date "2012.10.27"]
[Round "1.91"]
[White "Bodnaruk, Anastasia"]
[Black "Dushin, Nikolay"]
[Result "1-0"]
[WhiteTitle "IM"]
[WhiteElo "2425"]
[BlackElo "2018"]
[WhiteFideId "4181751"]
[BlackFideId "4114612"]
[EventDate "2012.10.27"]

1. e4 c6 2. d4 d5 3. e5 Bf5 4. Nf3 e6 5. Be2 Nd7 6. O-O h6 7. Nbd2 Ne7 8. Nb3
Rc8 9. a4 Bg4 10. Re1 a6 11. Bd3 Bh5 12. Bd2 c5 13. Nxc5 Nxc5 14. dxc5 Rxc5 15.
h3 Rc8 16. Bb4 Ng6 17. Bd2 Ne7 18. a5 Bg6 19. Bxg6 Nxg6 20. Ra4 Qc7 21. c3 Bc5
22. Rg4 Be7 23. b4 h5 24. Rxg6 fxg6 25. Nd4 Qd7 26. Qb1 Kd8 27. Qxg6 Kc7 28.
Nxe6+ Kb8 29. Nxg7 Rcg8 30. Qe6 Kc7 31. Qxd7+ Kxd7 32. Nf5 Rh7 33. f4 Bf8 34.
e6+ Ke8 35. Re5 Rg6 36. Be1 Rc7 37. e7 Bg7 38. Rxd5 Rd7 39. Rc5 Kf7 40. Rc8 Re6
41. Bh4 Re2 42. Nxg7 1-0

[Event "Chigorin Memorial"]
[Site "St Petersburg RUS"]
[Date "2012.10.27"]
[Round "1.92"]
[White "Kazakov, Maksym"]
[Black "Arslanov, Shamil"]
[Result "1/2-1/2"]
[BlackTitle "IM"]
[WhiteElo "2015"]
[BlackElo "2421"]
[WhiteFideId "14128756"]
[BlackFideId "4192826"]
[EventDate "2012.10.27"]

1. d4 d5 2. c4 c6 3. cxd5 cxd5 4. Nf3 Nf6 5. Nc3 a6 6. Bf4 b5 7. Rc1 Bd7 8. Ne5
e6 9. e3 Qa5 10. Qb3 Nc6 11. Nxd7 Nxd7 12. Be2 Rc8 13. O-O Nb6 14. Nxb5 axb5 15.
Rxc6 Rxc6 16. Bxb5 Kd7 17. Rc1 Nc4 18. Bxc6+ Kxc6 19. Qb8 Kd7 20. Qb7+ Kd8 21.
Qb8+ Kd7 22. Qb7+ Kd8 23. Qb8+ Kd7 24. Qb7+ 1/2-1/2

[Event "Chigorin Memorial"]
[Site "St Petersburg RUS"]
[Date "2012.10.27"]
[Round "1.93"]
[White "Aitbayev, Aslan"]
[Black "Kopasov, Evgeny"]
[Result "1-0"]
[WhiteElo "2416"]
[BlackElo "2014"]
[WhiteFideId "13704613"]
[BlackFideId "4181239"]
[EventDate "2012.10.27"]

1. e4 c5 2. Nf3 d6 3. d4 cxd4 4. Nxd4 Nf6 5. Nc3 a6 6. Be3 e5 7. Nf3 Be7 8. Bc4
O-O 9. O-O Be6 10. Bb3 Nc6 11. Qe2 Rc8 12. Rfd1 Qc7 13. Bg5 Na5 14. Bxf6 Bxf6
15. Nd5 Bxd5 16. Rxd5 Nxb3 17. cxb3 Be7 18. Re1 f5 19. exf5 Rxf5 20. h3 Rcf8 21.
Qc4 Qxc4 22. bxc4 Rf4 23. b3 e4 24. Nd2 Rxf2 25. Rxe4 R2f7 26. Re6 Bh4 27. Rdxd6
Bg3 28. Rd3 Bb8 29. Nf3 g6 30. Kf1 Kg7 31. Ke2 Ba7 32. b4 Rc8 33. c5 a5 34. Ne5
Rfc7 35. a3 axb4 36. axb4 Bb8 37. Ke3 Rf8 38. Rd7+ Rxd7 39. Nxd7 Bf4+ 40. Ke4
Rf7 41. Ne5 Bxe5 42. Kxe5 Rd7 43. Re8 Kf7 44. Rh8 Kg7 45. Rb8 Kh6 46. b5 Kg5 47.
c6 bxc6 48. bxc6 Ra7 49. Kd6 Ra2 50. c7 Rd2+ 51. Ke5 Re2+ 52. Kd4 1-0

[Event "Chigorin Memorial"]
[Site "St Petersburg RUS"]
[Date "2012.10.27"]
[Round "1.97"]
[White "Vlasenko, Miroslav"]
[Black "Jorayewa, Govher"]
[Result "1-0"]
[WhiteTitle "IM"]
[BlackTitle "WFM"]
[WhiteElo "2400"]
[BlackElo "1990"]
[WhiteFideId "4151887"]
[BlackFideId "14001454"]
[EventDate "2012.10.27"]

1. d4 Nc6 2. d5 Ne5 3. f4 Ng6 4. e4 e6 5. dxe6 dxe6 6. Qxd8+ Kxd8 7. Nf3 Nf6 8.
Bd3 Bc5 9. Nc3 Bd7 10. e5 Nd5 11. Nxd5 exd5 12. Bd2 c6 13. O-O-O Ne7 14. Ng5 Ke8
15. Nxh7 Rxh7 16. Bxh7 g6 17. h4 Kf8 18. b4 Bb6 19. h5 Kg7 20. hxg6 fxg6 21. e6
Bxe6 22. Bc3+ d4 23. Rhe1 Kf7 24. Bxd4 Bxd4 25. Rxd4 Bf5 26. Re5 Rh8 27. Bxg6+
Bxg6 28. Rd7 Re8 29. Rxb7 Kf8 30. Rxa7 Nd5 31. Rxe8+ Kxe8 32. a4 Nxb4 33. g4 Be4
34. c3 Nd5 35. Kd2 Kd8 36. c4 Nf6 37. Ke3 Bc2 38. g5 Nd7 39. a5 Kc8 40. a6 Nc5
41. Ra8+ Kc7 42. Kd4 Ne4 43. Re8 Nd6 44. a7 1-0

[Event "Chigorin Memorial"]
[Site "St Petersburg RUS"]
[Date "2012.10.27"]
[Round "1.98"]
[White "Atabayeva, Ogulgerek"]
[Black "Nikologorskiy, Konstantin"]
[Result "0-1"]
[BlackTitle "FM"]
[WhiteElo "1990"]
[BlackElo "2400"]
[WhiteFideId "14001810"]
[BlackFideId "24111708"]
[EventDate "2012.10.27"]

1. e4 c5 2. Nf3 d6 3. d4 cxd4 4. Nxd4 Nf6 5. Nc3 a6 6. Bg5 Nbd7 7. f4 Qc7 8. Qf3
h6 9. Bxf6 Nxf6 10. h3 e6 11. O-O-O b5 12. g4 b4 13. Nce2 Bb7 14. Ng3 Nd7 15.
Bg2 Rc8 16. Qe2 Be7 17. Kb1 O-O 18. h4 Qc4 19. Qxc4 Rxc4 20. g5 Rfc8 21. Rd2 Nb6
22. Nf1 d5 23. Ne3 dxe4 24. Nxc4 Nxc4 25. Re2 a5 26. Rd1 Nd6 27. Nb3 f5 28. Nxa5
Bd5 29. Nb3 Nc4 30. Nd4 g6 31. Nb3 Bd6 32. Rf1 Bf8 33. Nd2 hxg5 34. hxg5 Nb6 35.
Rh1 Na4 36. Nf1 Bg7 37. Ne3 Nxb2 38. Rd2 Na4 39. Nd1 Ra8 40. Rxd5 exd5 41. Bf1
d4 42. Bc4+ Kf8 43. Rh3 Rc8 44. Be6 Rc7 45. Bd5 Ke7 46. Rb3 Kd6 47. Rxb4 Kxd5
48. Rxa4 e3 49. Nb2 Rb7 50. Ra8 e2 51. Re8 d3 52. cxd3 Rxb2+ 53. Kc1 Rxa2 54.
Rd8+ Kc6 55. Re8 Kd7 0-1

[Event "Chigorin Memorial"]
[Site "St Petersburg RUS"]
[Date "2012.10.27"]
[Round "1.99"]
[White "Svetlov, Dmitry"]
[Black "Kuzmin, Arseniy"]
[Result "1-0"]
[WhiteTitle "FM"]
[WhiteElo "2399"]
[BlackElo "1982"]
[WhiteFideId "24102610"]
[BlackFideId "24150827"]
[EventDate "2012.10.27"]

1. d4 d6 2. Nf3 g6 3. c4 Bg7 4. g3 Nd7 5. Bg2 e5 6. O-O Ne7 7. Nc3 O-O 8. e4
exd4 9. Nxd4 Nc6 10. Nde2 a5 11. Be3 Nc5 12. Qd2 Be6 13. Nd5 Ne5 14. b3 a4 15.
Rab1 axb3 16. axb3 f5 17. Bg5 Qd7 18. exf5 Bxf5 19. Ne7+ Kh8 20. Nxf5 Qxf5 21.
Nd4 Qg4 22. Be3 Ne4 23. Qc2 Ng5 24. f4 c5 25. Nb5 Nef3+ 26. Kh1 Rfe8 27. Qf2 Qe6
28. Nc7 Qxe3 29. Nxe8 Qxf2 30. Rxf2 Rxe8 31. Bxf3 Nxf3 32. Rxf3 Bd4 33. b4 b6
34. bxc5 Bxc5 35. Ra1 Re7 36. Ra2 Kg7 37. Kg2 Kf6 38. Rc3 Kf5 39. Kf3 h5 40. h3
g5 41. g4+ hxg4+ 42. hxg4+ Kf6 43. fxg5+ Kxg5 44. Rh2 Kg6 45. Re2 Rf7+ 46. Kg3
Rf1 47. Rf3 Rg1+ 48. Kf4 Rc1 49. Re6+ Kf7 50. Re4 Kg6 51. g5 Rc2 52. Re6+ Kg7
53. g6 Rxc4+ 54. Kg5 1-0

[Event "Chigorin Memorial"]
[Site "St Petersburg RUS"]
[Date "2012.10.27"]
[Round "1.101"]
[White "Nezad, Husein Aziz"]
[Black "Yakovlev, Yuri S."]
[Result "1-0"]
[WhiteTitle "IM"]
[WhiteElo "2396"]
[BlackElo "1982"]
[WhiteFideId "12100293"]
[BlackFideId "4173929"]
[EventDate "2012.10.27"]

1. Nf3 c5 2. c4 f5 3. Nc3 Nf6 4. g3 b6 5. Bg2 Bb7 6. O-O e6 7. b3 Be7 8. Bb2 h5
9. d4 cxd4 10. Qxd4 a6 11. Rad1 Qc7 12. e3 Nc6 13. Qf4 Qxf4 14. exf4 O-O-O 15.
Rfe1 Ne8 16. Na4 Kc7 17. Ne5 Nxe5 18. Bxe5+ d6 19. Bd4 Bxg2 20. Bxb6+ Kd7 21.
Kxg2 Rb8 22. Ba5 h4 23. Nc5+ Kc6 24. Nxe6 h3+ 25. Kf3 Bf6 26. Rd5 g6 27. Red1
Be7 28. Bc3 Rh7 29. b4 Ra8 30. a4 Kd7 31. Ng5 Bxg5 32. fxg5 Re7 33. Be5 Ke6 34.
Bxd6 Nxd6 35. Rxd6+ Kf7 36. Rd7 a5 37. b5 Rc8 38. Rxe7+ Kxe7 39. Rd4 Ke6 40. Ke3
Kf7 41. Kd3 Ke6 42. Rd5 f4 43. gxf4 Rf8 44. Ke4 1-0

[Event "Chigorin Memorial"]
[Site "St Petersburg RUS"]
[Date "2012.10.27"]
[Round "1.102"]
[White "Ayvazyan, Nikita"]
[Black "Dzhangobegov, Vladimir"]
[Result "0-1"]
[BlackTitle "FM"]
[WhiteElo "1973"]
[BlackElo "2395"]
[WhiteFideId "4177266"]
[BlackFideId "4180984"]
[EventDate "2012.10.27"]

1. d4 Nf6 2. Nf3 g6 3. c3 Bg7 4. Bg5 c5 5. Nbd2 cxd4 6. cxd4 Nc6 7. e3 O-O 8.
Be2 d6 9. O-O h6 10. Bxf6 Bxf6 11. Rc1 d5 12. a3 e5 13. dxe5 Nxe5 14. Nxe5 Bxe5
15. Qb3 Qf6 16. Nf3 Bxb2 17. Rb1 Bc3 18. Qxd5 Rd8 19. Qb3 Be6 20. Bc4 Bxc4 21.
Qxc4 b6 22. Rbd1 Bb2 23. Qb3 Qc3 24. Qxc3 Bxc3 25. h3 Kf8 26. a4 Rac8 27. Rxd8+
Rxd8 28. Rc1 Bb4 29. Nd4 Bc5 30. Nc6 Rd7 31. Kf1 Rc7 32. Nd4 Ke7 33. Ke2 Rd7 34.
Nb3 Ba3 35. Rc2 a6 36. Nd4 Bc5 37. Nb3 Ba3 38. Nd4 Rd6 39. Rc7+ Kf6 40. Ra7 Bb2
41. Rxa6 Bc3 42. Nb5 Rd2+ 43. Ke1 Bb4 44. Rxb6+ Rd6+ 0-1

[Event "Chigorin Memorial"]
[Site "St Petersburg RUS"]
[Date "2012.10.27"]
[Round "1.103"]
[White "Annageldyev, Orazly"]
[Black "Kondratiev, Denis"]
[Result "1-0"]
[WhiteTitle "GM"]
[WhiteElo "2394"]
[BlackElo "1972"]
[WhiteFideId "14000016"]
[BlackFideId "4181220"]
[EventDate "2012.10.27"]

1. d4 d5 2. c4 c6 3. Nf3 Nf6 4. e3 Bf5 5. Nbd2 e6 6. Be2 Nbd7 7. O-O Bd6 8. b3
O-O 9. Bb2 Ne4 10. Ne5 Bxe5 11. dxe5 Qc7 12. Nxe4 Bxe4 13. f3 Bg6 14. cxd5 exd5
15. Qd4 Rfe8 16. f4 Be4 17. Bf3 Bxf3 18. Rxf3 Rad8 19. Rg3 Qb6 20. e6 Qxd4 21.
Bxd4 Rxe6 22. Rxg7+ Kf8 23. Rxh7 c5 24. f5 Rc6 25. Bb2 Ke7 26. Rd1 Nf6 27. Rh4
Ne4 28. Rf4 Ra6 29. f6+ Nxf6 30. Rdf1 Rdd6 31. g4 d4 32. exd4 cxd4 33. Bxd4 Nd7
34. Rxf7+ Ke6 35. Bc3 Rxa2 36. Bb4 Rd4 37. Re7+ Kd5 38. Rxd7+ Ke4 39. Re1+ Kd3
40. Rd1+ 1-0

[Event "Chigorin Memorial"]
[Site "St Petersburg RUS"]
[Date "2012.10.27"]
[Round "1.104"]
[White "Bondarenko, Dmitry"]
[Black "Mishuchkov, Nikolai M."]
[Result "0-1"]
[BlackTitle "IM"]
[WhiteElo "1971"]
[BlackElo "2393"]
[WhiteFideId "34105708"]
[BlackFideId "4102401"]
[EventDate "2012.10.27"]

1. d4 Nf6 2. Nf3 e6 3. e3 b6 4. Bd3 Bb7 5. Nbd2 c5 6. O-O Nc6 7. Re1 Rc8 8. c3
d5 9. Ne5 Bd6 10. f4 O-O 11. Ndf3 Ne4 12. Nxc6 Bxc6 13. Bxe4 dxe4 14. Ne5 Bd5
15. b3 c4 16. b4 f6 17. Ng4 b5 18. Rf1 a5 19. a3 Qd7 20. h3 Ra8 21. Bb2 Ra7 22.
Qc2 Rc8 23. Kh1 axb4 24. axb4 Rca8 25. Nf2 f5 26. Rxa7 Rxa7 27. Ra1 Rxa1+ 28.
Bxa1 Qa7 29. Bb2 g5 30. Bc1 gxf4 31. exf4 Qc7 32. Qd2 e3 33. Qxe3 Qg7 0-1

[Event "Chigorin Memorial"]
[Site "St Petersburg RUS"]
[Date "2012.10.27"]
[Round "1.105"]
[White "Ponfilenok, Vladimir"]
[Black "Frolov, Lev"]
[Result "1-0"]
[WhiteElo "2392"]
[BlackElo "1970"]
[WhiteFideId "24113522"]
[BlackFideId "4187571"]
[EventDate "2012.10.27"]

1. d4 d5 2. Nf3 Nf6 3. c4 c6 4. e3 e6 5. b3 Bb4+ 6. Nbd2 Nbd7 7. Bd3 Ne4 8. O-O
f5 9. Bb2 O-O 10. a3 Bd6 11. Ne5 Nxe5 12. dxe5 Bc5 13. Rc1 Nxd2 14. Qxd2 Qe7 15.
b4 Bb6 16. c5 Bc7 17. f4 Bd7 18. Qe2 a6 19. Bd4 Kh8 20. g4 g6 21. Rf2 a5 22. b5
cxb5 23. Bxb5 fxg4 24. Bd3 Bc6 25. Qxg4 Rg8 26. Rg2 Rg7 27. Qg5 Qxg5 28. Rxg5
Kg8 29. Kf2 Kf7 30. Rcg1 Rag8 31. Rb1 Rb8 32. Rg2 Ke7 33. Kf3 Rf7 34. h4 Rg7 35.
h5 Rbg8 36. Rbg1 Be8 37. Bc3 Kf8 38. h6 Rf7 39. Rb2 Bc6 40. Ke2 Ke7 41. Be1 Kd7
42. Bh4 Bd8 43. Bxd8 Rxd8 44. Bb5 Ra8 45. Bxc6+ Kxc6 46. Rb6+ Kxc5 47. Rgb1 Ra6
48. Rxb7 Rxb7 49. Rxb7 Rb6 50. Rc7+ Kb5 51. Rxh7 Ka4 52. Rg7 Kxa3 53. Rxg6 a4
54. Kf3 1-0

[Event "Chigorin Memorial"]
[Site "St Petersburg RUS"]
[Date "2012.10.27"]
[Round "1.106"]
[White "Velieva, Hurma"]
[Black "Tseitlin, Mark D"]
[Result "0-1"]
[BlackTitle "GM"]
[WhiteElo "1966"]
[BlackElo "2390"]
[WhiteFideId "14002272"]
[BlackFideId "2800128"]
[EventDate "2012.10.27"]

1. e4 c5 2. Nf3 d6 3. d4 cxd4 4. Nxd4 Nf6 5. Nc3 a6 6. Bc4 e6 7. Bb3 Nbd7 8. O-O
Nc5 9. Re1 Be7 10. f3 O-O 11. Be3 Bd7 12. Qd2 b5 13. a3 Qc7 14. Rac1 Rab8 15.
Ba2 a5 16. Nce2 b4 17. axb4 axb4 18. Ra1 Rfd8 19. Nc1 e5 20. Ndb3 Be6 21. Qf2
Na4 22. Nd3 Rdc8 23. Rec1 d5 24. Nd2 Nb6 25. Bxb6 Rxb6 26. exd5 Nxd5 27. Nc4 Ra6
28. Ncxe5 Bd6 29. Bxd5 Rxa1 30. Rxa1 Bxd5 31. Qd4 Be6 32. Ra7 Bxe5 33. Nxe5 Qxc2
34. h3 h5 35. Kh2 Qf5 36. Ra5 Rc2 37. Qh4 f6 38. Nc6 Qxf3 39. Ne7+ Kf7 40. Rg5
fxg5 41. Qxg5 Qxh3+ 42. Kg1 Rxg2+ 43. Qxg2 Qxg2+ 44. Kxg2 Kxe7 0-1

[Event "Chigorin Memorial"]
[Site "St Petersburg RUS"]
[Date "2012.10.27"]
[Round "1.107"]
[White "Belyakov, Bogdan"]
[Black "Puzko, Danila"]
[Result "1-0"]
[WhiteTitle "FM"]
[WhiteElo "2388"]
[BlackElo "1957"]
[WhiteFideId "24104795"]
[BlackFideId "24153745"]
[EventDate "2012.10.27"]

1. e4 c5 2. Nf3 Nc6 3. d4 cxd4 4. Nxd4 e5 5. Nb5 d6 6. N1c3 a6 7. Na3 b5 8. Nd5
Nge7 9. Ne3 g6 10. c3 Bg7 11. Nac2 O-O 12. a4 Rb8 13. axb5 axb5 14. Na3 Na7 15.
Nac4 bxc4 16. Rxa7 Bb7 17. Qc2 Nc8 18. Ra4 Nb6 19. Rb4 Qh4 20. Bxc4 Bxe4 21.
Bxf7+ Rxf7 22. Rxe4 Qh5 23. Rb4 Nd7 24. Rxb8+ Nxb8 25. h4 e4 26. Qxe4 Qb5 27.
Qd5 Qa6 28. h5 Nd7 29. hxg6 hxg6 30. Qc4 Qb7 31. O-O Ne5 32. Qe6 Nd3 33. Nc4 Qb3
34. Qd5 Ne5 35. Ne3 Qb6 36. b4 Qc7 37. Bd2 Qe7 38. f4 Nd7 39. f5 g5 40. Nc4 Be5
41. Qe6 Qf8 42. Bxg5 Qg7 43. Bf4 Nf8 44. Bxe5 1-0

[Event "Chigorin Memorial"]
[Site "St Petersburg RUS"]
[Date "2012.10.27"]
[Round "1.108"]
[White "Mitiushkin, Marat"]
[Black "Zavoronkov, Vladimir"]
[Result "1-0"]
[BlackTitle "IM"]
[WhiteElo "1953"]
[BlackElo "2378"]
[WhiteFideId "4141849"]
[BlackFideId "4500342"]
[EventDate "2012.10.27"]

1. d4 Nf6 2. Nf3 e6 3. c4 b6 4. Nc3 Bb4 5. Qb3 Bxc3+ 6. Qxc3 Bb7 7. Bg5 h6 8.
Bh4 d6 9. e3 g5 10. Bg3 Ne4 11. Qc2 Nd7 12. Nd2 Ndf6 13. Nxe4 Nxe4 14. f3 Nxg3
15. hxg3 c5 16. Bd3 cxd4 17. exd4 Qf6 18. Qf2 O-O-O 19. O-O-O Kb8 20. Kb1 Rc8
21. Rc1 Rc7 22. c5 dxc5 23. dxc5 Rd8 24. Rhd1 bxc5 25. Rxc5 Rxd3 26. Rxd3 Qg6
27. Rxc7 Qxd3+ 28. Qc2 Qf1+ 29. Qc1 Qxg2 30. Rxf7 1-0

[Event "Chigorin Memorial"]
[Site "St Petersburg RUS"]
[Date "2012.10.27"]
[Round "1.109"]
[White "Khusenkhojaev, Muhammad"]
[Black "Aleksanyan, Gor"]
[Result "1-0"]
[WhiteElo "2377"]
[BlackElo "1948"]
[WhiteFideId "14700247"]
[BlackFideId "13306626"]
[EventDate "2012.10.27"]

1. Nf3 Nf6 2. c4 g6 3. g3 Bg7 4. d4 O-O 5. Bg2 d6 6. O-O c6 7. Nc3 Qa5 8. h3 Qa6
9. b3 b5 10. cxb5 cxb5 11. a4 b4 12. Na2 Qb6 13. a5 Qb5 14. Qd3 Qxd3 15. exd3
Nc6 16. Ne5 Nxd4 17. Bxa8 dxe5 18. Bg2 Bf5 19. Nxb4 Rb8 20. Ba3 Nxb3 21. Nc6
Nxa1 22. Nxb8 Nc2 23. Bc5 Bxd3 24. Rd1 e4 25. Bxa7 Ne8 26. Bf1 Nd6 27. Bxd3 exd3
28. Rxd3 h5 29. Nc6 Nb5 30. Bb6 Nca3 31. Rb3 1-0

[Event "Chigorin Memorial"]
[Site "St Petersburg RUS"]
[Date "2012.10.27"]
[Round "1.113"]
[White "Solovjov, Sergey I."]
[Black "Andreeva, Yulia"]
[Result "0-1"]
[WhiteTitle "IM"]
[WhiteElo "2371"]
[BlackElo "1944"]
[WhiteFideId "4122780"]
[BlackFideId "4108302"]
[EventDate "2012.10.27"]

1. e4 c5 2. Nf3 d6 3. d4 cxd4 4. Nxd4 Nf6 5. Nc3 a6 6. Be3 e5 7. Nb3 Be6 8. h3
Be7 9. Qf3 h5 10. O-O-O Nbd7 11. Nd5 Bf8 12. Kb1 Bg4 13. Nxf6+ gxf6 14. hxg4
hxg4 15. Rxh8 gxf3 16. gxf3 Qe7 17. Rd3 O-O-O 18. a4 Kb8 19. Bh3 b5 20. axb5
axb5 21. Rd5 Nc5 22. Bf5 Kb7 23. Rh7 Kc6 24. Nxc5 dxc5 25. Rxf7 Qxf7 26. Rxd8
Bd6 27. Rc8+ Bc7 28. b3 Qg7 29. Be6 Qg1+ 30. Kb2 Qe1 31. f4 Kb7 32. f5 c4 33.
Rg8 Ba5 34. Rg7+ Kc6 35. Bd5+ Kd6 36. Bc1 Bc3+ 37. Kb1 Bd2 0-1

[Event "Chigorin Memorial"]
[Site "St Petersburg RUS"]
[Date "2012.10.27"]
[Round "1.114"]
[White "Doronkin, Grigory"]
[Black "Shuraev, Andrei"]
[Result "1/2-1/2"]
[BlackTitle "IM"]
[WhiteElo "1942"]
[BlackElo "2368"]
[WhiteFideId "24164305"]
[BlackFideId "4115295"]
[EventDate "2012.10.27"]

1. d4 d5 2. c4 e6 3. Nf3 c6 4. e3 Nf6 5. b3 Nbd7 6. Bd3 Ne4 7. O-O f5 8. Bb2 Bd6
9. Nbd2 O-O 10. Ne5 Ndf6 11. f4 Bd7 12. Nxe4 fxe4 13. Be2 Be8 14. a4 Qe7 15. Qc1
Bh5 16. Bxh5 Nxh5 17. Ba3 Nf6 18. Bxd6 Qxd6 19. c5 Qd8 20. Qd2 Nd7 21. Nxd7 Qxd7
22. b4 a6 23. Qe2 Rfb8 24. Rab1 b6 25. Rb2 b5 26. a5 Rf8 27. Rf2 Qe7 28. g3 Rf7
29. Qe1 Raf8 30. Rbd2 Qf6 31. Qf1 Qh6 32. Qe1 g5 33. fxg5 Qxg5 34. Rxf7 Rxf7 35.
Rf2 e5 36. Rxf7 Kxf7 37. Qf2+ Kg6 38. dxe5 Qxe5 39. Qf8 Qa1+ 40. Kg2 Qb2+ 41.
Kh3 Qf6 42. Qg8+ Kh6 43. Qg4 Qf3 44. Qe6+ Kg5 45. Qg8+ Kf6 1/2-1/2

[Event "Chigorin Memorial"]
[Site "St Petersburg RUS"]
[Date "2012.10.27"]
[Round "1.115"]
[White "Zenzera, Alexey"]
[Black "Kiseleva, Arina"]
[Result "1-0"]
[BlackTitle "WCM"]
[WhiteElo "2361"]
[BlackElo "1939"]
[WhiteFideId "4102665"]
[BlackFideId "4164989"]
[EventDate "2012.10.27"]

1. d4 Nf6 2. c4 e6 3. Nf3 c5 4. d5 exd5 5. cxd5 d6 6. Nc3 g6 7. Bf4 a6 8. e4 Bg4
9. h3 Bxf3 10. Qxf3 Bg7 11. a4 O-O 12. Bd3 Qe7 13. O-O Nbd7 14. Qe2 Ne8 15. Rae1
Nc7 16. Bh2 Rfe8 17. f4 Bd4+ 18. Kh1 b5 19. axb5 axb5 20. Nxb5 Nxb5 21. Bxb5 Ra2
22. Rb1 Rb8 23. Bg1 Bg7 24. Rfd1 Nf6 25. e5 Nh5 26. Bh2 Qh4 27. exd6 Nxf4 28.
Qe4 Raa8 29. Bc6 Rb4 30. Qf3 Rd8 31. Rf1 Nh5 32. Qxf7+ Kh8 33. d7 Re4 34. Qf2
Qxf2 35. Rxf2 Bd4 36. Rff1 Be5 37. Rbe1 Rxe1 38. Rxe1 Bf6 39. Re8+ Kg7 40. Bc7 1-0

[Event "Chigorin Memorial"]
[Site "St Petersburg RUS"]
[Date "2012.10.27"]
[Round "1.116"]
[White "Chernyak, Viktoria"]
[Black "Kashtanov, Ruslan"]
[Result "1/2-1/2"]
[BlackTitle "IM"]
[WhiteElo "1939"]
[BlackElo "2356"]
[WhiteFideId "24165956"]
[BlackFideId "4124871"]
[EventDate "2012.10.27"]

1. e4 c5 2. Nf3 e6 3. d4 cxd4 4. Nxd4 Nc6 5. Be2 Nf6 6. Nc3 Bb4 7. Bf3 Qa5 8.
Ne2 Ne5 9. Bf4 g5 10. Bxe5 Qxe5 11. a3 Ba5 12. b4 Bb6 13. g3 h5 14. Qd3 Ng4 15.
Bxg4 hxg4 16. O-O-O a5 17. Kb2 Bxf2 18. Kb3 Rh6 19. Nb5 d5 20. Nec3 axb4 21.
axb4 Rf6 22. exd5 Rf3 23. Qc4 Kf8 24. Qxg4 Rxc3+ 25. Nxc3 Ra3+ 26. Kxa3 Qxc3+
27. Ka2 Qxc2+ 28. Ka3 Qc3+ 29. Ka2 Qc2+ 30. Ka3 Qc3+ 31. Ka2 Qc2+ 32. Ka3 Qc3+ 1/2-1/2

[Event "Chigorin Memorial"]
[Site "St Petersburg RUS"]
[Date "2012.10.27"]
[Round "1.117"]
[White "Yandarbiev, Ruslan"]
[Black "Fedoseeva, Valentina"]
[Result "1/2-1/2"]
[WhiteTitle "IM"]
[WhiteElo "2356"]
[BlackElo "1930"]
[WhiteFideId "4115023"]
[BlackFideId "4169875"]
[EventDate "2012.10.27"]

1. e4 e5 2. Nf3 Nc6 3. Bb5 Nf6 4. d3 d6 5. O-O a6 6. Bxc6+ bxc6 7. Nc3 Be7 8. d4
exd4 9. Nxd4 Bb7 10. Nf5 O-O 11. Qf3 Kh8 12. Bg5 Ng8 13. Nxe7 Nxe7 14. Rad1 f6
15. Bc1 Qd7 16. Rfe1 Ng6 17. Qg3 Qf7 18. b3 Rfe8 19. f3 c5 20. Nd5 Bc6 21. Bb2
a5 22. h4 a4 23. h5 Ne5 24. f4 Bxd5 25. fxe5 Bc6 26. exd6 cxd6 27. Rxd6 Bxe4 28.
h6 Qg6 29. hxg7+ Kxg7 30. Bxf6+ Kg8 31. Bg5 Qg7 32. Qg4 Bxc2 33. Rxe8+ Rxe8 34.
Rd7 Qg6 35. Qc4+ Qe6 36. Qxa4 Qe1+ 37. Kh2 Qe5+ 38. Qf4 Qxf4+ 39. Bxf4 Ra8 40.
Bh6 Ra6 41. Be3 Rxa2 42. Bxc5 Bxb3 43. Bd4 Bc2 1/2-1/2

[Event "Chigorin Memorial"]
[Site "St Petersburg RUS"]
[Date "2012.10.27"]
[Round "1.118"]
[White "Volskaya, Vera"]
[Black "Shchukin, Dmitry"]
[Result "0-1"]
[BlackTitle "IM"]
[WhiteElo "1929"]
[BlackElo "2348"]
[WhiteFideId "24170054"]
[BlackFideId "4121724"]
[EventDate "2012.10.27"]

1. d4 e6 2. c4 d5 3. Nf3 c5 4. e3 a6 5. b3 Nf6 6. Bd3 Nc6 7. Nbd2 cxd4 8. exd4
dxc4 9. bxc4 Nxd4 10. O-O Bc5 11. Bb2 O-O 12. Ne4 Nxf3+ 13. Qxf3 Nxe4 14. Bxe4
Qg5 15. Rad1 f5 16. Bc1 Qe7 17. Bc2 e5 18. Rfe1 e4 19. Qg3 Be6 20. Bg5 Qf7 21.
Qe5 Rac8 22. Bb3 h6 23. Bc1 Rfe8 24. Qg3 Kh7 25. Kh1 Bb4 26. Rf1 Bxc4 27. Bxc4
Rxc4 28. Be3 Ba5 29. Bd4 Bc7 30. Qb3 b5 31. a4 Rd8 32. g3 bxa4 33. Qa2 Rd7 34.
Be3 Rxd1 35. Rxd1 Be5 36. Kg2 Qc7 37. Rd5 Rb4 38. Rc5 Qe7 39. Qd2 Rb5 40. Rc4 a3
41. Rc6 Qb7 42. Qc2 a2 43. Qc4 a1=Q 44. Qe6 Bf6 0-1

[Event "Chigorin Memorial"]
[Site "St Petersburg RUS"]
[Date "2012.10.27"]
[Round "1.119"]
[White "Dimukhametov, Artur"]
[Black "Zhelobanov, Roman"]
[Result "1-0"]
[WhiteTitle "FM"]
[WhiteElo "2347"]
[BlackElo "1912"]
[WhiteFideId "4195680"]
[BlackFideId "24154334"]
[EventDate "2012.10.27"]

1. d4 Nf6 2. c4 b6 3. Nc3 Bb7 4. d5 e6 5. a3 Be7 6. g3 d6 7. Bg2 e5 8. e4 Nbd7
9. f4 O-O 10. Nf3 a5 11. f5 Nc5 12. Qc2 h6 13. h3 Nh7 14. Be3 Ng5 15. Nd2 Nd7
16. h4 Nh7 17. Nf3 Ndf6 18. Bh3 h5 19. Qe2 Bc8 20. Ng5 Nxg5 21. hxg5 g6 22. gxf6
Bxf6 23. O-O-O Bg5 24. Bxg5 Qxg5+ 25. Qd2 Qe7 26. Rdf1 Kh7 27. f6 Qd8 28. Qg5
Rh8 29. Bxc8 Kg8 30. Bf5 Kf8 31. Bxg6 fxg6 32. Qxg6 Qd7 33. Rxh5 1-0